ბათუმის შოთა რუსთაველის სახელმწიფო უნივერსიტეტის ბიბლიოთეკა

ფინანსები (ბიბ.ჩანაწერი № 51314)

000 -LEADER
fixed length control field 00693nam a2200241Ia 4500
001 - CONTROL NUMBER
control field 18283
003 - CONTROL NUMBER IDENTIFIER
control field GE_BSU
008 - FIXED-LENGTH DATA ELEMENTS--GENERAL INFORMATION
fixed length control field 181216s||||||||xx |||||||||||||| ||und||
020 ## - INTERNATIONAL STANDARD BOOK NUMBER
International Standard Book Number 9789941075773
040 ## - CATALOGING SOURCE
Transcribing agency GE_BSU
080 ## - UNIVERSAL DECIMAL CLASSIFICATION NUMBER
Universal Decimal Classification number 336.01(075.8)
100 ## - MAIN ENTRY--PERSONAL NAME
Personal name ვანიშვილი,მ., კაცაძე,ი.
245 ## - TITLE STATEMENT
Title ფინანსები
245 ## - TITLE STATEMENT
Remainder of title სახელმძღვანელო
245 ## - TITLE STATEMENT
Statement of responsibility, etc. სამეცნ. რედ. ცაავა გ.
260 ## - PUBLICATION, DISTRIBUTION, ETC.
Place of publication, distribution, etc. თბილისი
260 ## - PUBLICATION, DISTRIBUTION, ETC.
Name of publisher, distributor, etc. სპს დანი
260 ## - PUBLICATION, DISTRIBUTION, ETC.
Date of publication, distribution, etc. 2016
300 ## - PHYSICAL DESCRIPTION
Extent 668გვ.21სმ.
653 ## - INDEX TERM--UNCONTROLLED
Uncontrolled term ფინანსები
942 ## - ADDED ENTRY ELEMENTS (KOHA)
Koha item type წიგნი
ეგზემპლარები
Withdrawn status Lost status Damaged status Not for loan Date acquired Barcode Date last seen Price effective from Koha item type
        2018-12-17 46538 2018-12-17 2018-12-17 წიგნი
        2018-12-17 46539 2018-12-17 2018-12-17 წიგნი
        2018-12-17 46540 2018-12-17 2018-12-17 წიგნი
        2018-12-17 46541 2018-12-17 2018-12-17 წიგნი
        2018-12-17 46542 2018-12-17 2018-12-17 წიგნი
        2018-12-17 46543 2018-12-17 2018-12-17 წიგნი
        2018-12-17 46544 2018-12-17 2018-12-17 წიგნი
        2018-12-17 46545 2018-12-17 2018-12-17 წიგნი
        2018-12-17 46546 2018-12-17 2018-12-17 წიგნი
        2018-12-17 46547 2018-12-17 2018-12-17 წიგნი
        2018-12-17 46548 2018-12-17 2018-12-17 წიგნი
        2018-12-17 46549 2018-12-17 2018-12-17 წიგნი
        2018-12-17 46550 2018-12-17 2018-12-17 წიგნი
        2018-12-17 46551 2018-12-17 2018-12-17 წიგნი
        2018-12-17 46552 2018-12-17 2018-12-17 წიგნი
        2018-12-17 46553 2018-12-17 2018-12-17 წიგნი
        2018-12-17 46554 2018-12-17 2018-12-17 წიგნი
        2018-12-17 46555 2018-12-17 2018-12-17 წიგნი
        2018-12-17 46556 2018-12-17 2018-12-17 წიგნი
        2018-12-17 46557 2018-12-17 2018-12-17 წიგნი